| 000 | 00534nam a22001697a 4500 | ||
|---|---|---|---|
| 003 | OSt | ||
| 005 | 20251106060742.0 | ||
| 008 | 251106b |||||||| |||| 00| 0 eng d | ||
| 020 | _a0-385-33548-2 | ||
| 040 |
_aDWCL-Main lib _cOC |
||
| 082 | _aCirc. 823.92 K56 2001 | ||
| 100 | _aKinsella, S. | ||
| 245 |
_aConfessions of a shopaholic _cKinsella, Sophie |
||
| 260 |
_aNew York : _bDell Publishing, _cc2001 |
||
| 300 |
_a310 pages : _c21 cm. |
||
| 942 |
_2ddc _cBK-CIRC _hCirc. 823.92 K56 2001 _kCirc. _n0 |
||
| 999 |
_c5588 _d5588 |
||